000 00401nam a22001697a 4500
005 20160630165153.0
008 160630b xxu||||| |||| 00| 0 eng d
020 _a978-81-7409-235-9
041 _aeng
082 _b20129
100 _aArora, R
_93334
245 _aSurveying Levelling
260 _bKhanna Publication
_c2013
300 _a1202
650 _aDiploma Engineering
_9817
942 _cBK
999 _c4981
_d4979